000 00487nam a22001697a 4500
003 BD-ChCU
005 20260128101258.0
008 260128b bg ||||| |||| 00| 0 ben d
040 _cBD-ChCU
082 _a372 SYY
100 _aSyrkin, Marie.
_919819
245 _aYour school your children :
_ba teacher looks at : what's wrong with our schools.//
_cMarie Syrkin.
260 _aNew York.
_bL. B. Fischer.
_c1944
300 _a227p
650 0 _aSchool..
_919821
942 _2ddc
_cBK
_n0
999 _c111337
_d111337